00984nam a2200181 a 4500008004100000050001500041100001600056245007500072250001200147260004500159350000900204650003200213995015000245995015000395999001700545952012000562952012000682110824s2010 ||||||||||||||||| || u aHC 915 Zam aRiaz, Harun10aZambia at 46: annual business magazine cedited by Nondo, Bwalya Lyapa a9th ed. aNew DelhibZambian High Commissionc2010 a0.00 aZAMBIA--ECONOMIC CONDITIONS aSPECIAL COLLECTIONSD0.00e03008189FCBU-MAIN LIBRARY (Kitwe)H1I0.00jZAM HC 915 ZAMM4UAVAILABLEWAug 24, 2011y03008189ZZambiana Collection aSPECIAL COLLECTIONSD0.00e03008187FCBU-MAIN LIBRARY (Kitwe)H1I0.00jZAM HC 915 ZAMM2UAVAILABLEWAug 24, 2011y03008187ZZambiana Collection c83376d83376 00102lcc4070a001b001cZambiana Collectiond2023-10-30l0oHC 915 Zamp03008189r2023-10-30t1w2023-10-30y023 00102lcc4070a001b001cZambiana Collectiond2023-10-30l0oHC 915 Zamp03008187r2023-10-30t2w2023-10-30y023